000 00252nam a2200097Ia 4500
082 _aETF FORD
245 0 _aDead men don't talk
100 _a FORDE, Catherine Edinburgh, 2009
_995186
942 _cBK
008 210817s9999 xx 000 0 und d
999 _c393745
_d393744